Name all FIFA 20 Shapeshifters - Statistics

General Stats
  • This quiz has been taken 12 times
  • The average score is 18 of 31
Answer Stats
Rating Pos. Club Player % Correct
95 RW Juventus Cristiano Ronaldo
100%
96 CF Barcelona Lionel Messi
100%
92 CB Chelsea N'Golo Kante
89%
91 ST Fiorentina Franck Ribery
78%
87 CB PSG Idrissa Gueye
78%
91 CAM Real Madrid Marcelo
78%
88 CB Bayern Munich David Alaba
67%
90 LW Napoli Dries Mertens
67%
86 CDM Real Madrid Ferland Mendy
67%
85 CAM FC Koln Florian Kainz
67%
87 ST Real Betis Marc Bartra
67%
84 CB Cagliari Nahitan Nandez
67%
90 CAM Everton Richarlison
67%
91 CDM Arsenal David Luiz
56%
87 CB Monchengladbach Denis Zakaria
56%
86 RB Atalanta Hans Hateboer
56%
87 RM Tottenham Lucas Moura
56%
86 LB LOSC Lille Renato Sanches
56%
89 CAM Man City Riyadh Mahrez
56%
85 ST Real Madrid Vinicius Jr
56%
90 RW AS Monaco Wissam Ben Yedder
56%
84 ST New York City FC Gary Mackay-Steven
44%
87 CB Valencia Geoffrey Kondogbia
44%
86 CDM Wolfsburg Kevin Mbabu
44%
86 RW Werder Bremen Milot Rashica
44%
88 LB Leicester City Ricardo Pereira
44%
88 CM Liverpool Trent Alexander-Arnold
44%
88 CAM Roma Henrikh Mkhitaryan
33%
86 CDM Celta Vigo Lucas Olaza
33%
86 ST OGC Nice Youcef Atal
33%
88 CDM Roma Aleksandar Kolarov
22%
No matching quizzes found
Score Distribution
Percent of People with Each Score
Percentile by Number Answered
Your Score History
You have not taken this quiz